Magia inteligente /

Guardado en:
Autor Principal: Gardner, Martin, 1914-
Formato: Libro
Idioma:Spanish
English
Publicado: Madrid : Granica, c1988.
Series:Juegos & Co.
Etiquetas: Agregar Etiqueta
Sin Etiquetas, Sea el primero en etiquetar este registro!
LEADER 00733nam a22002055a 4500
001 MAT.inmabb003193
008 051101s1988####sp#a##########000#0#spa#d
005 20130326102345.0
245 1 0 |a Magia inteligente /  |c selección y presentación de Martín Gardner ; [traducción: Cecilia Absatz]. 
260 |a Madrid :  |b Granica,  |c c1988. 
300 |a 190 p. :  |b il. ;  |c 20 cm. 
440 0 |a Juegos & Co. 
500 |a Traducción de: Mathematics, magic and mistery. Dover, 1956. 
510 4 |a MR,  |c 18,550g  |3 (de la versión original) 
020 |a 9506410496 
100 1 |a Gardner, Martin,  |d 1914- 
240 1 0 |a Mathematics, magic and mistery.  |l Español 
084 |a 00A08  |2 msc2000 
041 1 |a spa  |h eng 
859 |h 00A08  |i G226m  |p A-6425  |b BIB. MATEMATICA